00453 a2200181 4500001000700000003000400007005001700011008004100028020001500069082001600084100001800100245006200118260004000180300001000220630001600230630001500246630001000261138937OSt20210928170040.0  a8186562419 a181.4bS64D1 aSingh, Ramjee1 aDimensions of Indian through and culturecby Ramjee Singh aNew DelhibManak Publicationsc1998 a238p. aSocial Work aPhilosophy aIndic